<?xml version="1.0" encoding="UTF-8"?>
<marc:record xmlns:marc="http://www.loc.gov/MARC21/slim">
   <marc:leader>00000nam a2200000 a 4500</marc:leader>
   <marc:datafield ind1=" " ind2=" " tag="653">
      <marc:subfield code="a">TV-Serie</marc:subfield>
   </marc:datafield>
   <marc:datafield ind1="0" ind2="0" tag="245">
      <marc:subfield code="a">MacGyver 2</marc:subfield>
   </marc:datafield>
   <marc:datafield ind1="0" ind2="0" tag="245">
      <marc:subfield code="b">2. Staffel</marc:subfield>
   </marc:datafield>
   <marc:datafield ind1=" " ind2="1" tag="264">
      <marc:subfield code="a">Hamburg</marc:subfield>
      <marc:subfield code="b">Universal Pictures Germany</marc:subfield>
      <marc:subfield code="c">2022</marc:subfield>
   </marc:datafield>
   <marc:datafield ind1="1" ind2=" " tag="490">
      <marc:subfield code="a">MacGyver</marc:subfield>
      <marc:subfield code="v">2</marc:subfield>
   </marc:datafield>
   <marc:datafield ind1="1" ind2=" " tag="520">
      <marc:subfield code="a">Lucas Till ist Angus "Mac" MacGyver, das exzentrische Genie, das mit Hilfe von Alltagsgegenständen jedes noch so schwierige Problem löst. Im weltweiten Einsatz von Ecuador bis Tschernobyl werden Mac und das Team der Phoenix Foundation tödlichen Bedrohungen ausgesetzt, die ihnen mehr denn je abverlangen. George Eads als Ex-CIA-Agent Jack Dalton, Tristin Mays als eigenwillige Hackerin Riley Davis, Justin Hires als Meister der Verkleidung Wilt Bozer und Meredith Eaton als Phoenix Foundation-Direktorin Matty Webber vervollständigen den Cast der actiongeladenen Neuauflage des Serienklassikers "MacGyver™". Staffel 2 enthält sämtliche 23 spektakulären Episoden und bislang unveröffentlichtes Bonusmaterial!</marc:subfield>
   </marc:datafield>
   <marc:datafield ind1=" " ind2=" " tag="041">
      <marc:subfield code="a">ger</marc:subfield>
   </marc:datafield>
   <marc:datafield ind1="1" ind2=" " tag="521">
      <marc:subfield code="a">FSK ab 16 freigegeben</marc:subfield>
   </marc:datafield>
   <marc:datafield ind1="1" ind2=" " tag="521">
      <marc:subfield code="a">16</marc:subfield>
   </marc:datafield>
   <marc:datafield ind1=" " ind2=" " tag="338">
      <marc:subfield code="a">DVD-Video</marc:subfield>
   </marc:datafield>
   <marc:datafield ind1=" " ind2=" " tag="300">
      <marc:subfield code="a">6 DVDs</marc:subfield>
   </marc:datafield>
</marc:record>
